Упругое рассеяние дейтронов на легких и средних ядрах: Диссертация на соискание ученой степени кандидата физико-математических наук

التفاصيل البيبلوغرافية
المؤلف الرئيسي: Верещагин А. Н.
مؤلف مشترك: Томский политехнический институт (ТПИ) Научно-исследовательский институт ядерной физики, электроники и автоматики (НИИ ЯФЭА)
مؤلفون آخرون: Черданцев П. А. Петр Алексеевич (научный руководитель), Чернов И. П. Иван Петрович
اللغة:الروسية
منشور في: Томск, 1968
الموضوعات:
التنسيق: MixedMaterials كتاب
KOHA link:https://koha.lib.tpu.ru/cgi-bin/koha/opac-detail.pl?biblionumber=138655

MARC

LEADER 00000nbm0a2200000 4500
001 138655
005 20250917071649.0
035 |a (RuTPU)RU\TPU\book\150233 
090 |a 138655 
100 |a 20080528d1968 k y0rusy50 ca 
101 0 |a rus 
102 |a RU 
105 |a a m 001zy 
200 1 |a Упругое рассеяние дейтронов на легких и средних ядрах  |e Диссертация на соискание ученой степени кандидата физико-математических наук  |f А. Н. Верещагин  |g Томский политехнический институт (ТПИ), Научно-исследовательский институт ядерной физики, электроники и автоматики (НИИ ЯФЭА) ; науч. рук.: П. А. Черданцев , И. П. Чернов 
210 |a Томск  |d 1968 
215 |a 116 л.  |c ил. 
320 |a Библиогр.: с. 112-116 (137 назв.) 
610 1 |a диссертации 
610 1 |a ядра 
610 1 |a дейтроны 
610 1 |a рассеяние 
610 1 |a прямые реакции 
610 1 |a оптические модели 
610 1 |a экспериментальное исследование 
675 |a 539.128(04)  |v 3 
700 1 |a Верещагин  |b А. Н. 
702 1 |a Черданцев  |b П. А.  |c российский физик  |c профессор кафедры теоретической физики Томского медицинского университета  |f 1926-1994  |g Петр Алексеевич  |3 (RuTPU)RU\TPU\pers\19884  |4 727 
702 1 |a Чернов  |b И. П.  |c физик  |c профессор Томского политехнического университета, доктор физико-математических наук  |f 1935-2025  |g Иван Петрович  |x TPU  |y Томск  |3 (RuTPU)RU\TPU\pers\12909  |4 727  |9 3694 
712 0 2 |a Томский политехнический институт (ТПИ)  |b Научно-исследовательский институт ядерной физики, электроники и автоматики (НИИ ЯФЭА)  |c (1958-1975)  |3 (RuTPU)RU\TPU\col\12423 
801 1 |a RU  |b 63413507  |c 20080528  |g PSBO 
801 2 |a RU  |b 63413507  |c 20121115  |g PSBO 
942 |c BK